| 000 | 00468nam a22001817a 4500 | ||
|---|---|---|---|
| 003 | OSt | ||
| 005 | 20140310181715.0 | ||
| 008 | 121214t xxu||||| |||| 00| 0 eng d | ||
| 020 | _a9712706923 | ||
| 050 |
_aPL 5546 _b.Si623 1998 |
||
| 082 |
_aFIL 899.2103 _bSi8 1998 |
||
| 245 |
_aMens rea and other stories / _cLakambini A. Sitoy. |
||
| 260 |
_aPasig City : _bAnvil, _c1998. |
||
| 300 |
_a169 p. ; _c22 cm. |
||
| 942 |
_2lcc _cBK |
||
| 999 |
_c1740 _d1740 |
||